| 000 | 00689nam a2200241 i 4500 | ||
|---|---|---|---|
| 001 | 16232 | ||
| 003 | ES-MaACL | ||
| 005 | 20250910063054.0 | ||
| 007 | t| | ||
| 008 | 000712s1999 sp ||||0| spa | ||
| 020 | _a84-8428-003-9 | ||
| 080 | _a821.111(73)-31"18" | ||
| 100 | 1 |
_aJames, Henry, _d1843-1916 _9242228 |
|
| 245 | 1 | 3 |
_aEl americano / _cHenry James ; traducción, Celia Montolío. |
| 250 | _a1ª ed. | ||
| 260 |
_aBarcelona : _bAlba, _c1999. |
||
| 300 |
_a505 p. ; _c21 cm. |
||
| 490 | 1 |
_aAlba clásica ; _v33 |
|
| 700 | 1 |
_aMontolío Nicholson, Celia. _982677 |
|
| 830 | 1 |
_aAlba clásica ; _v33 _9179792 |
|
| 852 | 4 |
_aES-MaACL _jL-23397 |
|
| 999 |
_c16232 _d16232 |
||